| 000 | 00506nam a22001817a 4500 | ||
|---|---|---|---|
| 003 | NUST | ||
| 005 | 20230320125014.0 | ||
| 008 | 190718b ||||| |||| 00| 0 eng d | ||
| 038 | _aAttaullah. | ||
| 082 | _a658 | ||
| 100 |
_aRahim, Maryam _917940 |
||
| 245 |
_aAssessing Risk Management Framework at Engro Foods Canada Limited _cMaryam Rahim. |
||
| 260 |
_aIslamabad : _bNBS - NUST, _c2013. |
||
| 300 |
_a43 p. : _c30cm. |
||
| 500 | _aHard Cover. | ||
| 650 |
_aMBA Thesis. _917629 |
||
| 942 |
_2ddc _cTHE |
||
| 999 |
_c526935 _d526935 |
||